000 00723nam a22002657a 4500
001 BR2018000273
003 BR-BrBNA
005 20230928105228.0
007 ta
008 230509b bl.||||| |||| 00| 0 por d
040 _aBR-BrBNA
_bpor
_cBiblioteca Nacional de Agricultura
041 _a(Por)
072 _aS01
_b0210
090 _ 0210 BR2018000273
110 1 _aAssociação Brasileira da Batata, Itapetininga, SP (Brasil)
_9774
245 1 _aGuia do consumidor de batata
260 3 _aItapetininga, SP (Brasil):
_c[nd].
300 _a31 p.
650 _aBATATA
650 _aNUTRIÇÃO HUMANA
650 _aVARIEDADE
650 _aVALOR NUTRITIVO
909 _a202309
_bLucia
_c55
_dLucia Elande
942 _cBK
999 _c84157
_d84157